Molecular theory of gases and liquids

Saved in:
Bibliografiske detaljer
Main Authors: Bird, Robert Byron (Author), Curtiss, Charles F (Author), Hirschfelder, Joseph O (Author)
Format: Bog
Sprog:engelsk
Udgivet: Nueva York John Wiley 1954
Fag:
Tags: Tilføj Tag
Ingen Tags, Vær først til at tagge denne postø!

MARC

LEADER 00000nam a2200000 a 4500
001 UCU3722
003 CL-VaPUC
008 960510e19540000US |||||||||||||||||eng|d
082 0 4 |a 541.22  |b BIR  |2 21 
100 0 |a Bird, Robert Byron  |e author  |9 360823 
700 0 |a Curtiss, Charles F  |e author  |9 360824 
700 0 |a Hirschfelder, Joseph O  |e author  |9 360825 
245 1 0 |a Molecular theory of gases and liquids 
300 |a 1249 p 
942 |c BK 
945 |d 19960510 00:00:00  |a paguirre 
260 |a Nueva York  |b John Wiley  |c 1954 
650 0 |a Estados de la Materia  |9 347141 
650 0 |a Gases  |9 260945 
650 0 |a Líquidos  |9 260946 
650 7 |a TEORIA MOLECULAR  |2 CL-VaPUC  |9 360826 
650 0 |a Estructura molecular  |9 306892 
583 |a last modification  |c 19960510 00:00:00  |k Rodrigo Vera 
999 |c 247634  |d 247632 
952 |0 0  |1 0  |4 0  |6 541_220000000000000_BIR_1954  |7 0  |8 A  |9 263693  |a BIBING  |b BIBING  |d 2019-11-19  |i 1658360  |l 1  |o 541.22 BIR 1954  |p 1658360  |r 2025-01-20  |s 2023-08-16  |w 2019-11-19  |y BK  |k EIQ